000 01602cam a2200229 4500
001 ##L131289
008 051017n2005 000 0 eng u
035 _a(Sirsi) u131289
041 0 _aeng
050 0 4 _a346.4104342 $2 18
110 _aAssociation of Residential Letting Agents
_93020
245 0 0 _aARLA Members Survey Report
_bThird Quarter 2005
260 3 _aAmersham
_bARLA
_c2005
490 0 _aARLA Members Survey Report
520 _aThe third quarter 2005 survey shows the average capital values of rental property increasing sharply over the last three months, leading inevitably to a marginal decline in rental returns. It reports a healthy balance between supply and demand in the private rented sector in most parts of the country. The value of houses on the rental market increased by 3.8% overall and flats 5.8%. Agents throughout the country report significant increases in rents achieved, particularly for flats in prime central London. The average number of new tenancies arranged in letting offices was up 10% during the slow summer quarter. Demand for property is outstripping supply in the country outside of southeast England and prime central London.
590 _aIKA251005
690 _aPROPERTY-RESIDENTIAL PROPERTY-RESIDENTIAL PROPERTY TENURE-LEASEHOLD RESIDENTIAL PROPERTY
700 1 _aCarey Jones, O. M.
710 _aARLA Panel of Mortgage Lenders
_94776
856 4 0 _uhttps://www.arla.co.uk/information/private-rented-survey/2005/arla-members-survey-private-rented-sector-2005-q3.pdf
_zView the survey report free of charge at www.arla.co.uk...
942 _n0
999 _c104703
_d104703